[Event "Dutch op"]
[Site "Velp"]
[Date "2024.07.27"]
[Round "5"]
[White "Schroeder, Lennart"]
[Black "Ritzerveld, Noah"]
[Result "0-1"]
[WhiteElo "2146"]
[BlackElo "2181"]
[PlyCount "44"]
[EventDate "2024.07.23"]
[EventType "swiss"]
[EventRounds "9"]
[EventCountry "NED"]
[SourceTitle "EXT 2025"]
[Source "ChessBase"]
[SourceDate "2024.10.14"]
[SourceVersion "1"]
[SourceVersionDate "2024.10.14"]
[SourceQuality "1"]

1. d4 d5 2. Nf3 Nf6 3. g3 Bf5 4. Bg2 c6 5. 0-0 h6 6. b3 e6 7. Bb2 Bd6 8. c4 0-0 9. Nc3 Nbd7 10. Nd2 Re8 11. e4 dxe4 12. Ndxe4 Nxe4 13. Nxe4 Be7 14. d5 exd5 15. cxd5 Bxe4 16. Bxe4 Bf6 17. Bxf6 Nxf6 18. Bg2 cxd5 19. Qd4 Qd6 20. Rfd1 a6 21. Bxd5 Nxd5 22. Qxd5 Re1+ 0-1

[Event "Dutch op"]
[Site "Velp"]
[Date "2024.07.23"]
[Round "1"]
[White "Beerdsen, Thomas"]
[Black "Schroeder, Lennart"]
[Result "1-0"]
[WhiteElo "2510"]
[BlackElo "2146"]
[PlyCount "147"]
[EventDate "2024.07.23"]
[EventType "swiss"]
[EventRounds "9"]
[EventCountry "NED"]
[SourceTitle "EXT 2025"]
[Source "ChessBase"]
[SourceDate "2024.10.14"]
[SourceVersion "1"]
[SourceVersionDate "2024.10.14"]
[SourceQuality "1"]

1. e4 c5 2. Nf3 Nc6 3. Bb5 g6 4. 0-0 Bg7 5. c3 Nf6 6. Re1 0-0 7. h3 d5 8. e5 Ne8 9. Bxc6 bxc6 10. d4 c4 11. b3 cxb3 12. axb3 Nc7 13. Ba3 Re8 14. Bb4 Bf8 15. Qc1 Bf5 16. Nbd2 Qc8 17. Ra5 Bh6 18. Qd1 Ne6 19. Nh4 Nf4 20. Nxf5 Qxf5 21. Re3 Qh5 22. Qf1 Ne6 23. g4 Qg5 24. Nf3 Qf4 25. Ra6 f5 26. Qg2 Rac8 27. Rxa7 Ra8 28. Ra4 Rxa4 29. bxa4 c5 30. Bxc5 Nxc5 31. dxc5 Qxa4 32. g5 Bf8 33. e6 Bg7 34. Ne5 Qd1+ 35. Qf1 Qxf1+ 36. Kxf1 Rc8 37. Nd7 Rc6 38. f4 Ra6 39. Kg2 Rc6 40. Kf3 Ra6 41. h4 Rc6 42. Kg2 Ra6 43. Kh3 Rc6 44. h5 gxh5 45. Kh4 d4 46. cxd4 Bxd4 47. Re2 Ra6 48. Rc2 Rc6 49. Kxh5 Kg7 50. Kh4 Kg8 51. Rc4 Bf2+ 52. Kh3 Kg7 53. Kg2 Be3 54. Kf3 Bg1 55. Kg2 Be3 56. Kf3 Bg1 57. Rc1 Bd4 58. Rc2 Bg1 59. Re2 Bd4 60. Rd2 Bc3 61. Rd5 Rxe6 62. Rxf5 h6 63. Ne5 hxg5 64. Rxg5+ Kf8 65. Ke4 Ra6 66. Kd5 e6+ 67. Kc4 Bd2 68. Kb5 Ra1 69. c6 Ba5 70. Rg6 Ke7 71. Rg7+ Kd8 72. Ra7 Bc3 73. Nf7+ Ke8 74. Nd6+ 1-0

[Event "GER-chT U20"]
[Site "Willingen"]
[Date "2021.06.24"]
[Round "2"]
[White "Schroeder, Lennart"]
[Black "Tiedemann, Fin Niklas"]
[Result "1/2-1/2"]
[WhiteElo "1906"]
[BlackElo "1945"]
[PlyCount "58"]
[EventDate "2021.06.24"]
[EventType "team-swiss"]
[EventRounds "7"]
[EventCountry "GER"]
[SourceTitle "CBM 203 Extra"]
[Source "ChessBase"]
[SourceDate "2021.09.30"]
[SourceVersion "1"]
[SourceVersionDate "2021.09.30"]
[SourceQuality "1"]
[WhiteTeam "Muenster"]
[BlackTeam "Luebeck"]
[WhiteTeamCountry "GER"]
[BlackTeamCountry "GER"]

1. Nf3 Nf6 2. g3 g6 3. b3 Bg7 4. Bb2 0-0 5. Bg2 d6 6. d4 Nbd7 7. 0-0 c6 8. c4 Qc7 9. Nc3 e5 10. dxe5 Nxe5 11. Qd2 Bg4 12. h3 Nxf3+ 13. exf3 Be6 14. f4 Rfd8 15. Rfd1 h5 16. Rac1 Qd7 17. Kh2 Rac8 18. Qe3 b6 19. Rd2 d5 20. Rcd1 d4 21. Qf3 c5 22. Re2 Bf8 23. Nb1 Rc7 24. Nd2 Bg7 25. Bf1 Bf5 26. Rde1 Qd6 27. Bg2 Kh7 28. Bf1 a6 29. Bg2 Kg8 1/2-1/2

[Event "GER-chT U14"]
[Site "Magdeburg"]
[Date "2019.12.29"]
[Round "5.10"]
[White "Schroeder, Lennart"]
[Black "Friedrich, Eddie"]
[Result "1-0"]
[WhiteElo "1863"]
[BlackElo "1507"]
[PlyCount "69"]
[EventDate "2019.12.27"]
[EventType "team-swiss"]
[EventRounds "7"]
[EventCountry "GER"]
[SourceTitle "CBM 194 Extra"]
[Source "ChessBase"]
[SourceDate "2020.03.31"]
[SourceVersion "1"]
[SourceVersionDate "2020.03.31"]
[SourceQuality "1"]
[WhiteTeam "Muenster 32"]
[BlackTeam "Hoyerswerda"]
[WhiteTeamCountry "GER"]
[BlackTeamCountry "GER"]

1. d4 d5 2. c4 e6 3. Nf3 Nf6 4. g3 b6 5. cxd5 exd5 6. Bg2 Bb7 7. 0-0 Be7 8. Qc2 0-0 9. Bf4 Bd6 10. Bxd6 Qxd6 11. Nc3 a6 12. Rac1 Nbd7 13. Rfd1 Rac8 14. Nh4 g6 15. Qd2 Kg7 16. f3 Rfe8 17. Re1 Ng8 18. e4 c6 19. Kh1 h6 20. Re2 Re7 21. Bh3 Rd8 22. e5 Qb8 23. f4 Nf8 24. f5 Kh7 25. fxg6+ fxg6 26. Rf1 Bc8 27. Bxc8 Qxc8 28. Qd3 Kg7 29. Ref2 b5 30. Rf6 Re6 31. Rf7+ Kh8 32. Ne2 Re7 33. Nxg6+ Nxg6 34. Qxg6 Rxf7 35. Rxf7 1-0

[Event "GER-chT U14"]
[Site "Magdeburg"]
[Date "2018.12.28"]
[Round "3.3"]
[White "Schroeder, Lennart"]
[Black "Wang, Xinyuan1"]
[Result "1-0"]
[WhiteElo "1762"]
[BlackElo "1748"]
[PlyCount "71"]
[EventDate "2018.12.27"]
[EventType "team-swiss"]
[EventRounds "7"]
[EventCountry "GER"]
[SourceTitle "CBM 188 Extra"]
[Source "ChessBase"]
[SourceDate "2019.02.28"]
[SourceVersion "1"]
[SourceVersionDate "2019.02.28"]
[SourceQuality "1"]
[WhiteTeam "Muenster"]
[BlackTeam "Karlsruhe SF"]
[WhiteTeamCountry "GER"]
[BlackTeamCountry "GER"]

1. d4 Nf6 2. Nf3 e6 3. g3 c5 4. c4 d5 5. cxd5 Nxd5 6. Bg2 Nc6 7. 0-0 Be7 8. dxc5 Bxc5 9. Qc2 Be7 10. Rd1 Bd7 11. e4 Nb6 12. Nc3 Rc8 13. Bf4 a6 14. Qe2 0-0 15. Rac1 f6 16. e5 f5 17. Be3 Na8 18. Na4 Qc7 19. Bc5 Rfe8 20. Bd6 Bxd6 21. exd6 Qd8 22. Nc5 Rb8 23. Ne5 Nb6 24. Ncxd7 Nxd7 25. Bxc6 bxc6 26. Nxc6 Qf6 27. Nxb8 Rxb8 28. Rc7 Nf8 29. d7 f4 30. Qd2 fxg3 31. hxg3 Rxb2 32. Qxb2 Qxb2 33. d8Q Qxa2 34. Qe7 Qb2 35. Qf7+ Kh8 36. Qxf8# 1-0